Flags of Countries Not Recognized by Jetpunk - Statistics

General Stats
  • This quiz has been taken 175 times
  • The average score is 6 of 8
Answer Stats
Picture Hint Answer % Correct
Claimed by No One Palestine
96%
Claimed by Morocco Western Sahara / Sahrawi Arab Democratic Republic
87%
Claimed by Somalia Somaliland
85%
Claimed by Cyprus Northern Cyprus
78%
Claimed by Georgia South Ossetia
66%
Claimed by Moldova Transnistria
64%
Claimed by Georgia Abkhazia
62%
Claimed by Azerbaijan Artsakh / Nagorno-Karabakh
50%
No matching quizzes found
Score Distribution
Percent of People with Each Score
Percentile by Number Answered
Your Score History
You have not taken this quiz